[Event "DVM U20w 2014"]
[Site "Naumburg (Saale) GER"]
[Date "2014.12.29"]
[Round "5"]
[White "Kuckling, Hannah"]
[Black "Düssler, Stefanie"]
[Result "1-0"]
[Termination "normal"]
[Board "1.1"]
[WhiteElo "1950"]
[BlackElo "2094"]
[WhiteClock "00:24:38"]
[BlackClock "00:34:01"]
[WhiteTeam "SK Blauer Springer Paderborn"]
[BlackTeam "SK Lehrte"]
[PlyCount "61"]
[WhiteFideId "24603660"]
[BlackFideId "4634780"]
[EventCountry "GER"]
[EventRounds "7"]
[EventType "team-swiss"]
[EventDate "2014.12.26"]

1. e4 c5 2. Nc3 Nc6 3. Bb5 Nd4 4. Bc4 g6 5. Nge2 Bg7 6. Nxd4 cxd4 7. Qf3 Nh6 8.
Ne2 O-O 9. d3 Ng4 10. Bb3 d6 11. h3 Ne5 12. Qg3 a5 13. a4 Nd7 14. f4 Nc5 15.
Bc4 Qc7 16. b3 Be6 17. f5 Bxc4 18. bxc4 Nxe4 19. dxe4 d3 20. Qxd3 Bxa1 21. c3
Qc6 22. O-O Qxa4 23. Bh6 Rfc8 24. Qd4 f6 25. Qd5+ Kh8 26. fxg6 hxg6 27. Qf7 Rg8
28. Rf4 Qd1+ 29. Kf2 Bxc3 30. Bg7+ Rxg7 31. Rh4+ 1-0

[Event "DVM U20w 2014"]
[Site "Naumburg (Saale) GER"]
[Date "2014.12.29"]
[Round "5"]
[White "Schulze, Lara"]
[Black "Gatzke, Carolin"]
[Result "0-1"]
[Termination "normal"]
[Board "1.2"]
[WhiteElo "1662"]
[BlackElo "1695"]
[WhiteClock "00:14:31"]
[BlackClock "00:12:10"]
[WhiteTeam "SK Lehrte"]
[BlackTeam "SK Blauer Springer Paderborn"]
[PlyCount "136"]
[WhiteFideId "12956830"]
[BlackFideId "12943746"]
[EventCountry "GER"]
[EventRounds "7"]
[EventType "team-swiss"]
[EventDate "2014.12.26"]

1. d4 c5 2. d5 Nf6 3. c4 e5 4. Nc3 d6 5. e4 Be7 6. h3 Nbd7 7. Be3 Nf8 8. Nf3
Ng6 9. g3 Bd7 10. Bg2 a6 11. a4 Rb8 12. a5 b5 13. axb6 Qxb6 14. O-O O-O 15. Qd3
a5 16. Nd2 Nh5 17. Kh2 f5 18. exf5 Bxf5 19. Nde4 Nf6 20. Nxf6+ Rxf6 21. Ne4
Rff8 22. Rfb1 Qd8 23. Qa3 Ra8 24. Rf1 a4 25. Nd2 Bg5 26. Bxg5 Qxg5 27. Qe3 Qd8
28. Be4 Ne7 29. Qd3 Qd7 30. h4 Bxe4 31. Qxe4 Qb7 32. Rab1 Nf5 33. Nf3 h6 34. h5
Qb3 35. Nh4 Nxh4 36. Qxh4 Qf3 37. Rbe1 Rf5 38. Re3 Qxh5 39. Qxh5 Rxh5+ 40. Kg2
Rb8 41. Re2 Rg5 42. f3 Rf5 43. Rff2 Rf7 44. Kh3 Rb3 45. Kg2 Rfb7 46. Rc2 R7b4
47. Rfd2 Re3 48. Rf2 Rd3 49. Rfe2 g5 50. g4 Rbb3 51. Rf2 Rd4 52. Rf1 Rf4 53.
Ra1 Rb4 54. Rac1 Kg7 55. Kg3 Rb3 56. Ra1 Rfxf3+ 57. Kg2 a3 58. bxa3 Rxa3 59.
Rxa3 Rxa3 60. Rb2 Rc3 61. Rb7+ Kf8 62. Rb8+ Ke7 63. Rb7+ Kd8 64. Rb6 Kc7 65.
Rc6+ Kd7 66. Ra6 Rxc4 67. Ra7+ Kc8 68. Ra6 Rxg4+ 0-1

[Event "DVM U20w 2014"]
[Site "Naumburg (Saale) GER"]
[Date "2014.12.29"]
[Round "5"]
[White "Möller, Lisa-Marie"]
[Black "Böhm, Jana"]
[Result "0-1"]
[Termination "normal"]
[Board "1.3"]
[WhiteElo "1475"]
[BlackElo "1827"]
[WhiteClock "00:46:17"]
[BlackClock "01:14:54"]
[WhiteTeam "SK Blauer Springer Paderborn"]
[BlackTeam "SK Lehrte"]
[PlyCount "84"]
[WhiteFideId "12959367"]
[BlackFideId "24661589"]
[EventCountry "GER"]
[EventRounds "7"]
[EventType "team-swiss"]
[EventDate "2014.12.26"]

1. e4 e6 2. d3 d5 3. Nd2 c5 4. Ngf3 Nc6 5. g3 g6 6. Bg2 Bg7 7. O-O Nge7 8. Re1
b6 9. c3 Bb7 10. Nf1 Qd7 11. exd5 Nxd5 12. Ne3 O-O 13. Nxd5 exd5 14. Bf4 Rfe8
15. Qd2 d4 16. Re2 Rxe2 17. Qxe2 dxc3 18. bxc3 Bxc3 19. Rc1 Re8 20. Qc2 Bg7 21.
Kf1 Nb4 22. Qb1 Qxd3+ 23. Qxd3 Nxd3 24. Rd1 Nxf4 25. gxf4 Bf6 26. Re1 Rxe1+ 27.
Kxe1 Kf8 28. Ke2 Ke7 29. Kd3 Kd6 30. Ne1 Bxg2 31. Nxg2 b5 32. Ne3 a5 33. h3 c4+
34. Kc2 Kc5 35. Ng4 Bd4 36. Ne3 Bxe3 37. fxe3 b4 38. Kd2 a4 39. Kc2 b3+ 40.
axb3 cxb3+ 41. Kb2 Kb4 42. e4 a3+ 0-1

[Event "DVM U20w 2014"]
[Site "Naumburg (Saale) GER"]
[Date "2014.12.29"]
[Round "5"]
[White "Manusina, Nicole"]
[Black "Walow, Xenia"]
[Result "1-0"]
[Termination "normal"]
[Board "1.4"]
[WhiteElo "1869"]
[BlackElo "1445"]
[WhiteClock "00:18:52"]
[BlackClock "00:05:30"]
[WhiteTeam "SK Lehrte"]
[BlackTeam "SK Blauer Springer Paderborn"]
[PlyCount "131"]
[WhiteFideId "24657514"]
[BlackFideId "12971839"]
[EventCountry "GER"]
[EventRounds "7"]
[EventType "team-swiss"]
[EventDate "2014.12.26"]

1. d4 d5 2. c4 c6 3. Nc3 Nf6 4. Nf3 Bf5 5. Qb3 Qb6 6. Qxb6 axb6 7. cxd5 cxd5 8.
Bf4 Bd7 9. e3 e6 10. a3 Na6 11. Be2 Be7 12. O-O O-O 13. Ne5 Bc6 14. b4 Nb8 15.
Rfc1 Be8 16. h3 Nc6 17. Nf3 Bd7 18. Nb5 Ne4 19. Bd3 Nf6 20. Bc7 Bd8 21. Bd6 Re8
22. Nc7 Bxc7 23. Bxc7 Rec8 24. Bxb6 h6 25. b5 Ne7 26. Ne5 Rxc1+ 27. Rxc1 Rxa3
28. Bc5 Rxd3 29. Bxe7 Bxb5 30. Nxd3 Bxd3 31. Rc8+ Kh7 32. f3 b5 33. Kf2 Bc4 34.
Rb8 Kg6 35. g4 h5 36. Kg3 hxg4 37. hxg4 Be2 38. Kf4 Bd3 39. Rb6 Nd7 40. Rd6 Nf6
41. e4 dxe4 42. Bxf6 Kxf6 43. fxe4 g5+ 44. Ke3 Bc4 45. Rc6 Ke7 46. Rc5 f6 47.
Rc7+ Ke8 48. Rb7 Kf8 49. Kd2 Ke8 50. Kc3 Be2 51. d5 exd5 52. exd5 Bxg4 53. Rxb5
Bd7 54. Rb3 g4 55. Kd4 Ke7 56. Ke4 f5+ 57. Ke5 Ba4 58. d6+ Kf7 59. Rb7+ Kg6 60.
d7 Bxd7 61. Rxd7 Kg5 62. Rg7+ Kh4 63. Kf4 Kh3 64. Kxf5 g3 65. Kf4 g2 66. Rh7#
1-0

[Event "DVM U20w 2014"]
[Site "Naumburg (Saale) GER"]
[Date "2014.12.29"]
[Round "5"]
[White "Spangenberg, Romy"]
[Black "Reck, Jessica"]
[Result "1/2-1/2"]
[Termination "normal"]
[Board "2.1"]
[WhiteElo "1806"]
[BlackElo "1638"]
[WhiteClock "00:10:44"]
[BlackClock "00:15:52"]
[WhiteTeam "Chemnitzer SC Aufbau`95"]
[BlackTeam "Leegebrucher Schachfreunde"]
[PlyCount "68"]
[WhiteFideId "4627997"]
[BlackFideId "12917931"]
[EventCountry "GER"]
[EventRounds "7"]
[EventType "team-swiss"]
[EventDate "2014.12.26"]

1. e4 g6 2. d4 Bg7 3. Nc3 d6 4. f4 h5 5. Be3 c6 6. Nf3 d5 7. e5 Nh6 8. Qd2 Bg4
9. Be2 e6 10. O-O-O Nd7 11. h3 Bxf3 12. Bxf3 h4 13. Bf2 Nf5 14. Bg4 Qe7 15.
Bxf5 gxf5 16. g3 hxg3 17. Bxg3 O-O-O 18. Rdg1 Rdg8 19. Be1 Qb4 20. Ne2 Qxd2+
21. Kxd2 Bh6 22. Rxg8+ Rxg8 23. Ke3 f6 24. Kf3 Kd8 25. exf6 Nxf6 26. Bh4 Ke7
27. Rg1 Rxg1 28. Nxg1 Kf7 29. Bxf6 Kxf6 30. Kg3 Kg6 31. Nf3 Bg7 32. c3 Bf6 33.
h4 Be7 34. Ng5 Kf6 1/2-1/2

[Event "DVM U20w 2014"]
[Site "Naumburg (Saale) GER"]
[Date "2014.12.29"]
[Round "5"]
[White "Wolff, Marie Antoinette"]
[Black "Nitzsche, Pia"]
[Result "0-1"]
[Termination "normal"]
[Board "2.2"]
[WhiteElo "1651"]
[BlackElo "1702"]
[WhiteClock "00:07:51"]
[BlackClock "00:08:23"]
[WhiteTeam "Leegebrucher Schachfreunde"]
[BlackTeam "Chemnitzer SC Aufbau`95"]
[PlyCount "130"]
[WhiteFideId "12908258"]
[BlackFideId "12900370"]
[EventCountry "GER"]
[EventRounds "7"]
[EventType "team-swiss"]
[EventDate "2014.12.26"]

1. c4 Nf6 2. Nc3 g6 3. g3 Bg7 4. Bg2 c5 5. Nf3 Nc6 6. O-O O-O 7. a3 Rb8 8. Rb1
a5 9. b3 d6 10. Bb2 Bd7 11. Nd5 e5 12. d3 Nd4 13. e3 Nxf3+ 14. Qxf3 Bc6 15. Qd1
Bxd5 16. cxd5 b5 17. a4 b4 18. Rc1 Rc8 19. Rc4 Re8 20. Qc1 Qd7 21. Qc2 Qa7 22.
Rc1 Nd7 23. Qd1 Nb6 24. R4c2 Bh6 25. h4 Qa6 26. Rb1 Bg7 27. Rd2 Qa7 28. Rc1 Qe7
29. Qf3 f5 30. Bh3 Rc7 31. Re2 Kh8 32. Rd1 Rf8 33. Qg2 Qf7 34. e4 f4 35. Rc2
fxg3 36. fxg3 Qe8 37. Be6 Nd7 38. Bc1 Nf6 39. Rf1 Rb7 40. Bg5 Rb8 41. g4 Ng8
42. Rxf8 Bxf8 43. Rf2 Be7 44. Bxe7 Qxe7 45. h5 Qg5 46. hxg6 Qxg6 47. Qh3 Nf6
48. Bf5 Qg7 49. Rg2 Qg5 50. Kh1 Rb7 51. Rg1 Rg7 52. Qg3 Ng8 53. Kg2 Nh6 54. Kf1
Qc1+ 55. Qe1 Qc2 56. Rg3 Qxb3 57. Be6 Qxa4 58. Rf3 Ng8 59. Qf2 Qd1+ 60. Kg2 b3
61. Kg3 a4 62. Bxg8 Rxg8 63. Kh4 Qc1 64. Rf6 Qg5+ 65. Kh3 Qxg4+ 0-1

[Event "DVM U20w 2014"]
[Site "Naumburg (Saale) GER"]
[Date "2014.12.29"]
[Round "5"]
[White "Hartewig, Anja"]
[Black "Sauer, Annika"]
[Result "0-1"]
[Termination "normal"]
[Board "2.3"]
[WhiteElo "1806"]
[BlackElo "1582"]
[WhiteTeam "Chemnitzer SC Aufbau`95"]
[BlackTeam "Leegebrucher Schachfreunde"]
[PlyCount "84"]
[WhiteFideId "12917966"]
[BlackFideId "12952052"]
[EventCountry "GER"]
[EventRounds "7"]
[EventType "team-swiss"]
[EventDate "2014.12.26"]

1. d4 d5 2. c4 e6 3. Nf3 c6 4. g3 Nf6 5. Bg2 Nbd7 6. O-O Bd6 7. Nbd2 O-O 8. Re1
Re8 9. b3 e5 10. dxe5 Nxe5 11. cxd5 Nxd5 12. Bb2 Nxf3+ 13. Nxf3 Nf6 14. Qc2 h6
15. Rad1 Qe7 16. e3 Bg4 17. Rd2 Bb4 18. Bc3 Bxc3 19. Qxc3 Ne4 20. Qc4 Bxf3 21.
Rd4 Bxg2 22. Kxg2 Rad8 23. Red1 Rxd4 24. Rxd4 Nd6 25. Qd3 Ne4 26. Qc4 Nf6 27.
Qa4 b5 28. Qa5 c5 29. Rf4 g5 30. Rf3 Qe4 31. h3 h5 32. g4 hxg4 33. hxg4 Qxg4+
34. Rg3 Qe4+ 35. Kf1 Qd3+ 36. Kg1 Ne4 37. Rg2 Kg7 38. Qe1 f6 39. Qa1 Nc3 40.
Qb2 Qd1+ 41. Kh2 Rh8+ 42. Kg3 Ne4# 0-1

[Event "DVM U20w 2014"]
[Site "Naumburg (Saale) GER"]
[Date "2014.12.29"]
[Round "5"]
[White "Wagner, Swenja"]
[Black "Fischer, Franziska"]
[Result "1/2-1/2"]
[Termination "normal"]
[Board "2.4"]
[WhiteElo "1588"]
[BlackElo "1764"]
[WhiteTeam "Leegebrucher Schachfreunde"]
[BlackTeam "Chemnitzer SC Aufbau`95"]
[PlyCount "84"]
[WhiteFideId "12900494"]
[BlackFideId "12924199"]
[EventCountry "GER"]
[EventRounds "7"]
[EventType "team-swiss"]
[EventDate "2014.12.26"]

1. e4 e6 2. d3 d5 3. Nd2 Nf6 4. Ngf3 c5 5. g3 Nc6 6. Bg2 Be7 7. O-O O-O 8. Re1
b5 9. Qe2 Nb4 10. Nf1 c4 11. a3 Nc6 12. e5 Nd7 13. h4 h6 14. N1h2 Kh8 15. h5
cxd3 16. cxd3 b4 17. d4 Qb6 18. Be3 Ba6 19. Qd2 Rg8 20. Bxh6 Bd3 21. Bxg7+ Rxg7
22. Qxd3 Rag8 23. Nf1 Rh7 24. Ne3 Rxh5 25. Kf1 a6 26. Ke2 bxa3 27. bxa3 Qb2+
28. Nc2 Qb5 29. Qxb5 axb5 30. Rh1 Rh7 31. Rxh7+ Kxh7 32. Rb1 Rb8 33. Bf1 Na5
34. Nd2 Kg6 35. Ke3 Nc4+ 36. Nxc4 bxc4 37. Rxb8 Nxb8 38. Be2 Nc6 39. f4 f6 40.
Kd2 Kf5 41. Ke3 Kg6 42. Kd2 Kf5 1/2-1/2

[Event "DVM U20w 2014"]
[Site "Naumburg (Saale) GER"]
[Date "2014.12.29"]
[Round "5"]
[White "Lagunow, Elina"]
[Black "Halas, Lena"]
[Result "1-0"]
[Termination "normal"]
[Board "3.1"]
[WhiteElo "1698"]
[BlackElo "1656"]
[WhiteTeam "BSV 63 Chemie Weißensee"]
[BlackTeam "USG Chemnitz"]
[PlyCount "87"]
[WhiteFideId "4673387"]
[BlackFideId "12931799"]
[EventCountry "GER"]
[EventRounds "7"]
[EventType "team-swiss"]
[EventDate "2014.12.26"]

1. Nf3 d5 2. g3 Nf6 3. Bg2 c6 4. O-O Bg4 5. d3 Nbd7 6. c4 e5 7. Qc2 Bd6 8. Nbd2
O-O 9. h3 Bh5 10. b3 Re8 11. e3 a5 12. a3 Nc5 13. e4 dxe4 14. Nxe4 Nfxe4 15.
dxe4 Bf8 16. Rd1 Qb6 17. Rb1 Rad8 18. Be3 Qc7 19. b4 Rxd1+ 20. Rxd1 axb4 21.
axb4 Ne6 22. g4 Bg6 23. c5 f6 24. Nh4 Bf7 25. Nf5 Rd8 26. Rxd8 Qxd8 27. Qd2
Qxd2 28. Bxd2 Nd4 29. Nxd4 exd4 30. f4 Bc4 31. Kf2 Kf7 32. Bf1 Ba6 33. Bxa6
bxa6 34. Ke2 a5 35. Kd3 a4 36. Kxd4 Be7 37. Kc3 Ke6 38. Kb2 g5 39. Ka3 h6 40.
Kxa4 Bd8 41. b5 cxb5+ 42. Kxb5 Bc7 43. f5+ Kd7 44. Bc3 1-0

[Event "DVM U20w 2014"]
[Site "Naumburg (Saale) GER"]
[Date "2014.12.29"]
[Round "5"]
[White "Kluge, Leyla"]
[Black "Koch, Elisabeth"]
[Result "1-0"]
[Termination "normal"]
[Board "3.2"]
[WhiteElo "1625"]
[BlackElo "1650"]
[WhiteTeam "USG Chemnitz"]
[BlackTeam "BSV 63 Chemie Weißensee"]
[PlyCount "59"]
[WhiteFideId "12918172"]
[BlackFideId "24695068"]
[EventCountry "GER"]
[EventRounds "7"]
[EventType "team-swiss"]
[EventDate "2014.12.26"]

1. c4 e5 2. Nc3 c6 3. Nf3 Qc7 4. d4 exd4 5. Qxd4 Nf6 6. Bg5 Be7 7. Ne4 Nxe4 8.
Qxe4 d6 9. g3 Be6 10. Bxe7 Qxe7 11. Qd4 O-O 12. Bg2 Na6 13. O-O d5 14. Ne5 Rfd8
15. Qc3 f6 16. cxd5 Bxd5 17. Bxd5+ cxd5 18. Nf3 Qxe2 19. Rfe1 Qb5 20. Re7 Rac8
21. Nd4 Qa4 22. Qd2 Nc5 23. Nf5 Rd7 24. Rae1 Rcc7 25. Rxg7+ Rxg7 26. Qxd5+ Rgf7
27. Qd8+ Rf8 28. Qxc7 Ne6 29. Qxb7 Qe8 30. Rxe6 1-0

[Event "DVM U20w 2014"]
[Site "Naumburg (Saale) GER"]
[Date "2014.12.29"]
[Round "5"]
[White "Greßmann, Hanna"]
[Black "Oltmanns, Bianca"]
[Result "1-0"]
[Termination "normal"]
[Board "3.3"]
[WhiteElo "1691"]
[BlackElo "1746"]
[WhiteTeam "BSV 63 Chemie Weißensee"]
[BlackTeam "USG Chemnitz"]
[PlyCount "107"]
[WhiteFideId "12930709"]
[BlackFideId "24698008"]
[EventCountry "GER"]
[EventRounds "7"]
[EventType "team-swiss"]
[EventDate "2014.12.26"]

1. e4  e6 2. d4 d5 3. exd5 exd5 4. Bd3 Bd6 5. c3 Nc6 6. Qf3 Nge7 7. Ne2 Be6 8.
Bf4 f6 9. Bxd6 Qxd6 10. Nd2 O-O-O 11. O-O-O Qd7 12. h3 Bf5 13. Nb3 Bxd3 14.
Qxd3 a6 15. Nc5 Qd6 16. Rhe1 Rde8 17. g3 Ng6 18. h4 Nd8 19. h5 Nf8 20. Nf4 Nd7
21. Rxe8 Rxe8 22. Nxd7 Qxd7 23. Qxh7 Ne6 24. Nxe6 Rxe6 25. Qd3 Re8 26. Qf3 Kb8
27. Rh1 Qb5 28. b3 Qe2 29. Qxe2 Rxe2 30. f4 Rxa2 31. Re1 Ra1+ 32. Kd2 Rxe1 33.
Kxe1 Kc8 34. Ke2 Kd7 35. f5 a5 36. g4 Ke7 37. Kd3 b5 38. c4 dxc4+ 39. bxc4 b4
40. c5 a4 41. d5 a3 42. Kc2 a2 43. Kb2 b3 44. Ka1 Ke8 45. g5 fxg5 46. f6 g4 47.
fxg7 Kf7 48. d6 cxd6 49. cxd6 g3 50. d7 g2 51. g8=Q+ Kxg8 52. d8=Q+ Kh7 53. Qd1
Kh6 54. Qg1 1-0

[Event "DVM U20w 2014"]
[Site "Naumburg (Saale) GER"]
[Date "2014.12.29"]
[Round "5"]
[White "Schwendel, Marleen"]
[Black "Lange, Cecilia"]
[Result "0-1"]
[Termination "normal"]
[Board "3.4"]
[WhiteElo "938"]
[BlackElo "1582"]
[WhiteTeam "USG Chemnitz"]
[BlackTeam "BSV 63 Chemie Weißensee"]
[PlyCount "132"]
[WhiteFideId "16200357"]
[BlackFideId "12976040"]
[EventCountry "GER"]
[EventRounds "7"]
[EventType "team-swiss"]
[EventDate "2014.12.26"]

1. e4 c6 2. d4 d5 3. f3 dxe4 4. fxe4 e6 5. Nf3 Nf6 6. Bd3 c5 7. c3 Nc6 8. Bc2
Be7 9. O-O O-O 10. Bf4 cxd4 11. cxd4 Nb4 12. Nbd2 b6 13. Be5 Bb7 14. a3 Nxc2
15. Qxc2 Rc8 16. Qd3 Qd7 17. Rac1 Rfd8 18. Bxf6 Bxf6 19. e5 Be7 20. Ne4 Qd5 21.
Rce1 Qc4 22. Qxc4 Rxc4 23. Nfg5 Bxg5 24. Nxg5 Rc7 25. Rd1 h6 26. Nf3 Rcd7 27.
b4 Bxf3 28. Rxf3 Rxd4 29. Rc1 Re4 30. Rc7 a5 31. bxa5 bxa5 32. Rfxf7 Rg4 33.
Rfe7 Rg6 34. Ra7 Rd5 35. Re8+ Kh7 36. Rea8 Rxe5 37. Rxa5 Re2 38. Kf1 Rgxg2 39.
h4 Ref2+ 40. Ke1 Ra2 41. Kf1 Rh2 42. Kg1 Rxh4 43. Re5 Rc4 44. Kf1 Rc1+ 45. Re1
Rxe1+ 46. Kxe1 e5 47. Re8 Rxa3 48. Rxe5 g5 49. Re6 Rf3 50. Ke2 Rf4 51. Ke3 Kg7
52. Ke2 Rf6 53. Re7+ Kg6 54. Re4 Kf7 55. Ke1 Re6 56. Rxe6 Kxe6 57. Kf2 h5 58.
Kg3 h4+ 59. Kh3 Kf5 60. Kg2 g4 61. Kh2 g3+ 62. Kh3 Kf4 63. Kg2 h3+ 64. Kxh3 Kf3
65. Kh4 g2 66. Kg5 g1=Q+ 0-1

[Event "DVM U20w 2014"]
[Site "Naumburg (Saale) GER"]
[Date "2014.12.29"]
[Round "5"]
[White "Peters, Theresa"]
[Black "Hund, Sarah"]
[Result "1-0"]
[Termination "normal"]
[Board "4.1"]
[WhiteElo "1616"]
[BlackElo "1809"]
[WhiteTeam "SV 1919 Grimma"]
[BlackTeam "SK Freiburg Zähringen"]
[PlyCount "93"]
[WhiteFideId "12952192"]
[BlackFideId "12923338"]
[EventCountry "GER"]
[EventRounds "7"]
[EventType "team-swiss"]
[EventDate "2014.12.26"]

1. e4 e5 2. Nf3 Nc6 3. Bb5 Nf6 4. O-O Nxe4 5. Re1 Nd6 6. Nxe5 Nxe5 7. Rxe5+ Be7
8. Bf1 O-O 9. d4 Bf6 10. Re1 Nf5 11. c3 d5 12. Bd3 c6 13. Bf4 Be6 14. Nd2 Ne7
15. Nf3 Ng6 16. Bg3 Bg4 17. h3 Bh5 18. Be2 Ne7 19. Ne5 Bxe2 20. Rxe2 g6 21. Qd2
Bg7 22. Rae1 Re8 23. Bh4 f6 24. Ng4 Qd7 25. Bxf6 Nf5 26. Ne5 Qd6 27. Bxg7 Kxg7
28. Qg5 Rf8 29. Ng4 h6 30. Qd2 Rf7 31. Re6 Qd7 32. Qe2 Qc7 33. Ne5 Rf6 34. Rxf6
Kxf6 35. Qg4 Rg8 36. Qf4 Kg7 37. Nxg6 Qd7 38. Ne5 Qc8 39. g4 Kh7 40. Kh1 Ne7
41. Nf3 Rg7 42. Nh4 Kg8 43. Qxh6 Qf8 44. Qe6+ Kh7 45. Re5 Rf7 46. Rh5+ Kg8 47.
Nf5 1-0

[Event "DVM U20w 2014"]
[Site "Naumburg (Saale) GER"]
[Date "2014.12.29"]
[Round "5"]
[White "Denz, Annika"]
[Black "Neumann, Isabel"]
[Result "0-1"]
[Termination "normal"]
[Board "4.2"]
[WhiteElo "1500"]
[BlackElo "1626"]
[WhiteTeam "SK Freiburg Zähringen"]
[BlackTeam "SV 1919 Grimma"]
[PlyCount "134"]
[WhiteFideId "12922935"]
[BlackFideId "12964468"]
[EventCountry "GER"]
[EventRounds "7"]
[EventType "team-swiss"]
[EventDate "2014.12.26"]

1. e4 c5 2. Nc3 Nc6 3. Nf3 e6 4. Be2 a6 5. O-O Qc7 6. d3 Nf6 7. Bg5 Be7 8. Bh4
O-O 9. Qd2 b5 10. a3 Bb7 11. Bg3 d6 12. h3 Rac8 13. Qe3 Qd7 14. e5 dxe5 15.
Nxe5 Qd4 16. Bf3 Ba8 17. Qe2 Bd6 18. Bxc6 Bxc6 19. Nf3 Bxf3 20. Qxf3 Bxg3 21.
Qxg3 Rfd8 22. Rab1 Nd5 23. Ne4 c4 24. Nd6 Nf4 25. Qf3 Qxd6 26. dxc4 bxc4 27.
Rbd1 Qc7 28. Rxd8+ Rxd8 29. Rd1 Rxd1+ 30. Qxd1 Nd5 31. c3 Qb6 32. Qe2 Qb3 33.
Qe4 a5 34. Qh4 Nf6 35. Qd4 Qb5 36. Kf1 Qd5 37. Ke2 Kf8 38. Qxd5 exd5 39. Ke3
Ke7 40. Kd4 Kd6 41. f3 Nh5 42. Ke3 Ke5 43. h4 Nf4 44. g3 Nd3 45. f4+ Kd6 46.
Kd4 Nxb2 47. g4 Nd3 48. f5 Ne5 49. Ke3 Nxg4+ 50. Kd4 Nh6 51. Ke3 Nxf5+ 52. Kf4
Nxh4 53. Ke3 Ke5 54. Ke2 Ke4 55. Kd2 f5 56. Ke2 f4 57. a4 f3+ 58. Kd2 Ng2 59.
Kd1 Ke3 60. Kc2 f2 61. Kb2 f1=Q 62. Kc2 Qd3+ 63. Kb2 Qd1 64. Ka2 Qb3+ 65. Ka1
Qb7 66. Ka2 Kd2 67. Ka3 Qb3# 0-1

[Event "DVM U20w 2014"]
[Site "Naumburg (Saale) GER"]
[Date "2014.12.29"]
[Round "5"]
[White "Könze, Heike"]
[Black "Bajorski, Maria Sophie"]
[Result "1/2-1/2"]
[Termination "normal"]
[Board "4.3"]
[WhiteElo "1561"]
[BlackElo "1511"]
[WhiteTeam "SV 1919 Grimma"]
[BlackTeam "SK Freiburg Zähringen"]
[PlyCount "83"]
[WhiteFideId "12964476"]
[BlackFideId "24654531"]
[EventCountry "GER"]
[EventRounds "7"]
[EventType "team-swiss"]
[EventDate "2014.12.26"]

1. e4 e5 2. Nf3 Nc6 3. d4 exd4 4. Nxd4 Bc5 5. Nb3 Bb6 6. Nc3 Nf6 7. Bg5 h6 8.
Bh4 g5 9. Bg3 d6 10. Bb5 Bd7 11. Qd2 Qe7 12. O-O-O O-O-O 13. f3 Ne5 14. Bxd7+
Rxd7 15. Rhe1 Re8 16. Na4 Nc4 17. Qc3 Qe6 18. Nd4 Bxd4 19. Rxd4 Ne5 20. Kb1 b5
21. Bxe5 Qxe5 22. Qc6 Kd8 23. Qa8+ Ke7 24. Qxa7 bxa4 25. Rxa4 Qxh2 26. Qf2 Qe5
27. Rh1 Rh8 28. g3 Qb5 29. Ra3 Rdd8 30. Qe1 Kf8 31. Ra5 Qc6 32. Rxg5 Re8 33.
Qd2 Rh7 34. Rf5 Ng8 35. a3 Qb7 36. g4 Re5 37. Qf4 Rxf5 38. Qxf5 Kg7 39. g5 h5
40. e5 dxe5 41. Qxe5+ Kg6 42. Rh3 1/2-1/2

[Event "DVM U20w 2014"]
[Site "Naumburg (Saale) GER"]
[Date "2014.12.29"]
[Round "5"]
[White "Antusch, Isabella"]
[Black "Hagenbeck-Hübert, Lara"]
[Result "0-1"]
[Termination "normal"]
[Board "4.4"]
[WhiteElo "1235"]
[BlackElo "1512"]
[WhiteTeam "SK Freiburg Zähringen"]
[BlackTeam "SV 1919 Grimma"]
[PlyCount "58"]
[WhiteFideId "12963941"]
[BlackFideId "12964484"]
[EventCountry "GER"]
[EventRounds "7"]
[EventType "team-swiss"]
[EventDate "2014.12.26"]

1. e4 e5 2. Nf3 Nc6 3. d4 exd4 4. Nxd4 Bc5 5. Nxc6 dxc6 6. Qxd8+ Kxd8 7. Nc3
Be6 8. Bd3 f6 9. O-O Ke7 10. Bf4 Bd6 11. Be3 Kf7 12. Rfe1 Ne7 13. a3 a5 14. Ne2
c5 15. c4 Nc6 16. b3 a4 17. Nc1 Ne5 18. Bf1 b6 19. Rb1 axb3 20. Rxb3 Bxc4 21.
Rc3 Bxf1 22. Kxf1 Ra4 23. f3 Rha8 24. Nd3 Rxa3 25. Nxe5+ Bxe5 26. Rxa3 Rxa3 27.
f4 Bd4 28. Bxd4 cxd4 29. Rd1 c5 0-1

[Event "DVM U20w 2014"]
[Site "Naumburg (Saale) GER"]
[Date "2014.12.29"]
[Round "5"]
[White "Eue, Vicky"]
[Black "Wilke, Tabea"]
[Result "1/2-1/2"]
[Termination "normal"]
[Board "5.1"]
[WhiteElo "1616"]
[BlackElo "1722"]
[WhiteTeam "SV "Glück auf" Rüdersdorf"]
[BlackTeam "SC 1979 Hattersheim"]
[PlyCount "95"]
[WhiteFideId "12945838"]
[BlackFideId "12910015"]
[EventCountry "GER"]
[EventRounds "7"]
[EventType "team-swiss"]
[EventDate "2014.12.26"]

1. e4 e5 2. Nf3 Nc6 3. Bb5 f5 4. d3 Nf6 5. O-O Bc5 6. Nxe5 fxe4 7. Nxc6 bxc6 8.
Ba4 O-O 9. Bg5 Qe8 10. Bxf6 Rxf6 11. d4 e3 12. Nc3 Bb6 13. Qd3 exf2+ 14. Rxf2
Rxf2 15. Kxf2 Qe5 16. Ne2 Bb7 17. Bb3+ Kh8 18. c3 Qxh2 19. Qf3 Qd6 20. Ke1 Rf8
21. Qe4 Qh6 22. Bc2 c5 23. d5 c4 24. Qe7 Qd6 25. Qxd6 cxd6 26. Be4 Re8 27. Bf3
Re5 28. Rd1 h5 29. Kf1 h4 30. Nf4 Kh7 31. Re1 Kh6 32. Re4 g5 33. Rxe5 dxe5 34.
Ne2 d6 35. Be4 Kh5 36. b3 cxb3 37. axb3 a5 38. c4 Ba6 39. Bd3 e4 40. Bxe4 a4
41. Bc2 axb3 42. Bxb3 Kg6 43. Bc2+ Kf6 44. Bd3 Bc5 45. Nc1 Ke5 46. Nb3 Bb4 47.
Kf2 Kf4 48. Be2 1/2-1/2

[Event "DVM U20w 2014"]
[Site "Naumburg (Saale) GER"]
[Date "2014.12.29"]
[Round "5"]
[White "Rosmanitz, Anna"]
[Black "Reyher, Susan"]
[Result "1-0"]
[Termination "normal"]
[Board "5.2"]
[WhiteElo "1601"]
[BlackElo "1667"]
[WhiteTeam "SC 1979 Hattersheim"]
[BlackTeam "SV "Glück auf" Rüdersdorf"]
[PlyCount "95"]
[WhiteFideId "12910058"]
[BlackFideId "24686107"]
[EventCountry "GER"]
[EventRounds "7"]
[EventType "team-swiss"]
[EventDate "2014.12.26"]

1. e4 e5 2. Nf3 Nc6 3. Bb5 a6 4. Ba4 d6 5. d3 Nge7 6. Be3 g6 7. O-O Bg7 8. c3
O-O 9. Nbd2 f5 10. Bb3+ Kh8 11. exf5 gxf5 12. Bg5 f4 13. h3 Qe8 14. Ne4 h6 15.
Bxe7 Nxe7 16. Kh2 d5 17. Ned2 Rg8 18. Rg1 Qg6 19. Qe2 Qh5 20. Rae1 Ng6 21. Bxd5
Rd8 22. Be4 Nh4 23. Nxh4 Qxh4 24. Nf3 Qh5 25. Nd2 Qf7 26. Nc4 Rb8 27. Bf3 Re8
28. Bh5 f3 29. Bxf7 fxe2 30. Bxe8 Bf5 31. Bh5 Bxd3 32. Bxe2 e4 33. Bxd3 exd3
34. Rd1 b5 35. Ne3 Rd8 36. Rd2 c5 37. c4 bxc4 38. Nxc4 Rd4 39. b3 Rf4 40. f3
Bd4 41. Rgd1 Rf6 42. Rxd3 Re6 43. f4 Re2 44. R3d2 Re7 45. Ne5 Kg7 46. Nc6 Rf7
47. Nxd4 cxd4 48. Rxd4 1-0

[Event "DVM U20w 2014"]
[Site "Naumburg (Saale) GER"]
[Date "2014.12.29"]
[Round "5"]
[White "Schmid, Katharina"]
[Black "Neisius, Laura"]
[Result "0-1"]
[Termination "normal"]
[Board "5.3"]
[WhiteElo "1279"]
[BlackElo "1372"]
[WhiteTeam "SV "Glück auf" Rüdersdorf"]
[BlackTeam "SC 1979 Hattersheim"]
[PlyCount "68"]
[WhiteFideId "12918210"]
[BlackFideId "12910040"]
[EventCountry "GER"]
[EventRounds "7"]
[EventType "team-swiss"]
[EventDate "2014.12.26"]

1. e4 d5 2. exd5 Qxd5 3. Nc3 Qa5 4. d4 c6 5. Bc4 Bf5 6. Bd2 Qc7 7. Bxf7+ Kxf7
8. Qf3 e6 9. g4 Qe7 10. O-O-O g6 11. Nh3 Qh4 12. Rhg1 Bh6 13. Kb1 Nf6 14. Bxh6
Bxg4 15. Rxg4 Qxg4 16. Ng5+ Ke7 17. Bg7 Qxf3 18. Nxf3 Re8 19. Ng5 Nbd7 20. a3
Rg8 21. Bxf6+ Kxf6 22. Nge4+ Ke7 23. Re1 h6 24. Ng3 Nf6 25. f4 Nd5 26. Nxd5+
cxd5 27. f5 gxf5 28. Nxf5+ Kf6 29. Ng3 Rg4 30. c3 Re8 31. Rf1+ Kg6 32. Re1 h5
33. Re3 h4 34. h3 Rxg3 0-1